[Event "GER-ch U12"]
[Site "Willingen"]
[Date "2004.06.01"]
[Round "6"]
[White "Jussupow, Alexander"]
[Black "Vollmer, Juergen"]
[Result "1-0"]
[WhiteElo "1715"]
[BlackElo "1571"]
[PlyCount "77"]
[EventDate "2004.06.??"]
[EventType "swiss"]
[EventRounds "11"]
[EventCountry "GER"]
[SourceTitle "EXT 2005"]
[Source "ChessBase"]
[SourceDate "2004.11.15"]
[SourceVersion "1"]
[SourceVersionDate "2004.11.15"]
[SourceQuality "1"]

1. d4 d5 2. e3 Nf6 3. Nf3 e6 4. Bd3 c5 5. b3 Qa5+ 6. c3 Qc7 7. Bb2 Nc6 8. c4 cxd4 9. exd4 Be7 10. Nbd2 0-0 11. 0-0 Rd8 12. Qc2 Nb4 13. Qc3 Nxd3 14. Qxd3 b6 15. Rac1 Ba6 16. Qb1 Qd7 17. Ne5 Qe8 18. Rfe1 Rac8 19. Ndf3 h6 20. a3 Qf8 21. cxd5 Nxd5 22. Nc6 Rd7 23. Nxe7+ Rxe7 24. Ne5 Rec7 25. Rxc7 Rxc7 26. Qe4 Nf6 27. Qf3 Bb7 28. Qg3 Rc2 29. Bc1 Ne4 30. Qd3 Rxf2 31. Rxe4 Bxe4 32. Qxe4 f5 33. Qc6 Re2 34. Qxe6+ Kh7 35. Qg6+ Kg8 36. Bxh6 Re4 37. Qe6+ Kh7 38. Bxg7 Qxg7 39. Qxf5+ 1-0

[Event "GER-ch U12"]
[Site "Willingen"]
[Date "2004.05.31"]
[Round "4"]
[White "Dinger, Solveig"]
[Black "Vollmer, Juergen"]
[Result "1/2-1/2"]
[WhiteElo "1329"]
[BlackElo "1571"]
[PlyCount "51"]
[EventDate "2004.06.??"]
[EventType "swiss"]
[EventRounds "11"]
[EventCountry "GER"]
[SourceTitle "EXT 2005"]
[Source "ChessBase"]
[SourceDate "2004.11.15"]
[SourceVersion "1"]
[SourceVersionDate "2004.11.15"]
[SourceQuality "1"]

1. e4 d5 2. exd5 Qxd5 3. Nc3 Qa5 4. d4 c6 5. Bd2 Qc7 6. Bd3 Nf6 7. h3 e6 8. Nf3 Nbd7 9. Ne2 Bd6 10. c3 0-0 11. Qc2 e5 12. 0-0-0 c5 13. dxe5 Nxe5 14. Nxe5 Bxe5 15. b3 Be6 16. Rhe1 Rac8 17. c4 Rfd8 18. Bc3 Bxc3 19. Nxc3 a6 20. Kb1 h6 21. Rd2 Qc6 22. f3 Bd7 23. Re5 Re8 24. Rde2 Rxe5 25. Rxe5 Qd6 26. Qe2 1/2-1/2

[Event "GER-chT U12"]
[Site "Verden an der Aller"]
[Date "2003.12.30"]
[Round "7.1"]
[White "Rafiee, Makan"]
[Black "Vollmer, Juergen"]
[Result "1/2-1/2"]
[WhiteElo "1647"]
[BlackElo "1460"]
[PlyCount "45"]
[EventDate "2003.12.27"]
[EventType "team-swiss"]
[EventRounds "7"]
[EventCountry "GER"]
[SourceTitle "EXT 2022"]
[Source "ChessBase"]
[SourceDate "2021.10.06"]
[SourceVersion "1"]
[SourceVersionDate "2021.10.06"]
[SourceQuality "1"]
[WhiteTeam "Baunatal"]
[BlackTeam "Rastatt"]
[WhiteTeamCountry "GER"]
[BlackTeamCountry "GER"]

1. e4 c6 2. d4 d5 3. Nc3 dxe4 4. Nxe4 Nd7 5. Ng5 Ngf6 6. Bd3 e6 7. N1f3 Bd6 8. 0-0 0-0 9. c3 h6 10. Ne4 Nxe4 11. Bxe4 Nf6 12. Bc2 b6 13. Qe2 Bb7 14. Be3 Rc8 15. Bd3 c5 16. Ba6 Qc7 17. h3 Rfe8 18. Rad1 Rcd8 19. Bxb7 Qxb7 20. Rd2 Rd7 21. Rfd1 Ne4 22. Rc2 Red8 23. dxc5 1/2-1/2

[Event "GER-chT U12"]
[Site "Verden an der Aller"]
[Date "2003.12.28"]
[Round "4.1"]
[White "Vollmer, Juergen"]
[Black "Wendling, Hannes"]
[Result "1-0"]
[WhiteElo "1460"]
[BlackElo "1646"]
[PlyCount "63"]
[EventDate "2003.12.27"]
[EventType "team-swiss"]
[EventRounds "7"]
[EventCountry "GER"]
[SourceTitle "EXT 2022"]
[Source "ChessBase"]
[SourceDate "2021.10.06"]
[SourceVersion "1"]
[SourceVersionDate "2021.10.06"]
[SourceQuality "1"]
[WhiteTeam "Rastatt"]
[BlackTeam "Naumburg"]
[WhiteTeamCountry "GER"]
[BlackTeamCountry "GER"]

1. d4 d5 2. Nf3 c6 3. e3 Nf6 4. Bd3 Bg4 5. Nbd2 Nbd7 6. c3 Qc7 7. 0-0 e5 8. e4 Bd6 9. Re1 0-0 10. h3 Bh5 11. Qc2 Bg6 12. dxe5 Bxe5 13. exd5 Bxd3 14. Qxd3 Nxd5 15. Nc4 Bf6 16. Ng5 g6 17. Ne4 Bg7 18. Bg5 Rfe8 19. Rad1 Re6 20. Ne3 N7b6 21. Nc5 Ree8 22. a3 Nf6 23. Bxf6 Bxf6 24. Ne4 Bg7 25. Nc4 Nd5 26. Ned2 Rad8 27. Rxe8+ Rxe8 28. Nf3 Re6 29. Ng5 Re7 30. Nf3 Rd7 31. Qe2 Nf4 32. Qe8+ 1-0

[Event "GER-chT U12"]
[Site "Verden an der Aller"]
[Date "2003.12.27"]
[Round "2.1"]
[White "Vollmer, Juergen"]
[Black "Biller Bornhardt, Nikklas Jens"]
[Result "1-0"]
[WhiteElo "1460"]
[BlackElo "1248"]
[PlyCount "59"]
[EventDate "2003.12.27"]
[EventType "team-swiss"]
[EventRounds "7"]
[EventCountry "GER"]
[SourceTitle "EXT 2022"]
[Source "ChessBase"]
[SourceDate "2021.10.06"]
[SourceVersion "1"]
[SourceVersionDate "2021.10.06"]
[SourceQuality "1"]
[WhiteTeam "Rastatt"]
[BlackTeam "Wilhelmshaven"]
[WhiteTeamCountry "GER"]
[BlackTeamCountry "GER"]

1. d4 d5 2. Nf3 Nf6 3. e3 Bf5 4. c4 e6 5. Nc3 Bb4 6. Qb3 Nc6 7. Bd2 0-0 8. Be2 Re8 9. 0-0 Ne4 10. Nxe4 dxe4 11. Bxb4 Bg4 12. Bc3 Bxf3 13. gxf3 exf3 14. Bxf3 Qg5+ 15. Kh1 Rab8 16. Rg1 Qf5 17. Qd1 Ne7 18. d5 e5 19. e4 Qf6 20. Rg3 Ng6 21. Qd2 Rbd8 22. Qg5 Rd6 23. Qe3 b6 24. a3 Rf8 25. Bb4 c5 26. dxc6 Rxc6 27. Bxf8 Kxf8 28. Qd3 Rc8 29. b3 Nf4 30. Qd2 1-0

[Event "Baden-ch U12"]
[Site "Bad Mergentheim"]
[Date "2003.01.05"]
[Round "3"]
[White "Vollmer, Juergen"]
[Black "Hietter, Marc Aurel"]
[Result "1-0"]
[WhiteElo "1409"]
[BlackElo "1027"]
[PlyCount "95"]
[EventDate "2003.01.04"]
[EventType "swiss"]
[EventRounds "7"]
[EventCountry "GER"]
[SourceTitle "EXT 2005"]
[Source "ChessBase"]
[SourceDate "2004.11.15"]
[SourceVersion "1"]
[SourceVersionDate "2004.11.15"]
[SourceQuality "1"]

1. e4 g6 2. d4 d6 3. f4 Bg7 4. c3 Nd7 5. Bd3 e6 6. Nf3 Ne7 7. 0-0 0-0 8. Be3 b6 9. Nbd2 Bb7 10. f5 exf5 11. exf5 Nxf5 12. Bxf5 gxf5 13. Bg5 Bxf3 14. Nxf3 Bf6 15. Bh6 Re8 16. Nd2 Re6 17. Qh5 Bg7 18. Bxg7 Kxg7 19. Rxf5 Qe7 20. Raf1 Rf8 21. R1f3 Re1+ 22. Nf1 f6 23. Rh3 Rh8 24. Qh6+ Kf7 25. Qxh7+ Rxh7 26. Rxh7+ Kg6 27. Rxe7 Rxe7 28. Ng3 c5 29. dxc5 dxc5 30. Rf4 Kg5 31. Rf5+ Kg6 32. Kf2 Ne5 33. Kg1 Nd3 34. h4 Rh7 35. h5+ Rxh5 36. Rxh5 Nxb2 37. Rh8 a5 38. Rb8 Nc4 39. Ne4 Kf5 40. Re8 Kg6 41. Kf2 f5 42. Nd6 Nxd6 43. Re6+ Kf7 44. Rxd6 b5 45. Rd5 b4 46. Rxc5 bxc3 47. Rxc3 a4 48. Ra3 1-0

[Event "GER-ch U10"]
[Site "Winterberg"]
[Date "2002.05.20"]
[Round "4"]
[White "Vollmer, Juergen"]
[Black "Belger, Christian"]
[Result "1-0"]
[WhiteElo "1404"]
[BlackElo "1155"]
[PlyCount "63"]
[EventDate "2002.05.19"]
[EventType "swiss"]
[EventRounds "11"]
[EventCountry "GER"]
[SourceTitle "CBM 088 Extra"]
[Source "ChessBase"]
[SourceDate "2002.07.01"]
[SourceVersion "2"]
[SourceVersionDate "2002.07.01"]
[SourceQuality "1"]

1. d4 d5 2. Nf3 Nc6 3. Bf4 Bf5 4. c4 dxc4 5. Nc3 Nf6 6. d5 Nb4 7. Qa4+ c6 8. Qxb4 Nxd5 9. Nxd5 Qxd5 10. Rd1 e6 11. Qxb7 Rd8 12. Rxd5 Rxd5 13. Qxc6+ Ke7 14. Qxc4 g6 15. e4 Bxe4 16. Qxe4 Bg7 17. Be2 Rhd8 18. 0-0 Kf8 19. Ng5 Bxb2 20. Qb4+ Kg8 21. Qxb2 R5d7 22. Be5 Rd2 23. Qa1 Rxe2 24. Bh8 Kf8 25. Qg7+ Ke7 26. Qxf7+ Kd6 27. Qxh7 Rb8 28. Qxg6 Rc8 29. Qd3+ Kc7 30. Rc1+ Kb8 31. Qb5+ Ka8 32. Rxc8# 1-0

[Event "GER-chT U12"]
[Site "Verden"]
[Date "2000.12.30"]
[Round "5.3"]
[White "Vollmer, Juergen"]
[Black "Glaesser, Tim"]
[Result "1-0"]
[WhiteElo "792"]
[BlackElo "462"]
[PlyCount "51"]
[EventDate "2000.12.26"]
[EventType "team"]
[EventRounds "7"]
[EventCountry "GER"]
[SourceTitle "EXT 2008"]
[Source "ChessBase"]
[SourceDate "2007.11.25"]
[SourceVersion "1"]
[SourceVersionDate "2007.11.25"]
[SourceQuality "1"]
[WhiteTeam "Kuppenheim Rochade U12"]
[BlackTeam "Rossdorf U12"]
[WhiteTeamCountry "GER"]
[BlackTeamCountry "GER"]

1. e4 e5 2. Nf3 Nc6 3. Bc4 h6 4. Nc3 Nf6 5. d3 Bb4 6. Bd2 0-0 7. a3 Bxc3 8. Bxc3 d6 9. h3 Bd7 10. 0-0 a6 11. Re1 Re8 12. Bd2 Be6 13. Bxe6 Rxe6 14. c3 Qe8 15. Re2 Na5 16. b4 Nc6 17. Qe1 Nh5 18. d4 Re7 19. d5 Na7 20. c4 c6 21. Qc1 Rc8 22. Bxh6 gxh6 23. Qxh6 Ng7 24. Ng5 f6 25. Qh7+ Kf8 26. Qh8# 1-0

[Event "GER-chT U12"]
[Site "Verden"]
[Date "2000.12.30"]
[Round "7.3"]
[White "Vollmer, Juergen"]
[Black "Laubrock, Jan Bernd"]
[Result "1-0"]
[WhiteElo "792"]
[BlackElo "555"]
[PlyCount "77"]
[EventDate "2000.12.26"]
[EventType "team"]
[EventRounds "7"]
[EventCountry "GER"]
[SourceTitle "EXT 2008"]
[Source "ChessBase"]
[SourceDate "2007.11.25"]
[SourceVersion "1"]
[SourceVersionDate "2007.11.25"]
[SourceQuality "1"]
[WhiteTeam "Kuppenheim Rochade U12"]
[BlackTeam "Muenster SK U12"]
[WhiteTeamCountry "GER"]
[BlackTeamCountry "GER"]

1. e4 e5 2. Nf3 Nc6 3. Bc4 Bc5 4. c3 Nf6 5. d4 exd4 6. cxd4 Bb4+ 7. Bd2 Nxe4 8. Bxb4 Nxb4 9. Qb3 Nc6 10. Bxf7+ Kf8 11. 0-0 Nd6 12. Bd5 Qf6 13. Qd1 b6 14. Nc3 Ba6 15. Bxc6 dxc6 16. d5 c5 17. Re1 Bc4 18. Qc2 Rd8 19. Re6 Qf4 20. Rae1 Re8 21. Rxe8+ Nxe8 22. Re4 Qd6 23. Rxc4 Kf7 24. Qf5+ Nf6 25. Ne5+ Ke7 26. Nc6+ Kf7 27. Ne4 Qxd5 28. Qxd5+ Nxd5 29. Nxa7 Rd8 30. h3 Ra8 31. Nb5 Rxa2 32. b3 Ra5 33. Nec3 Ke6 34. Ra4 Rxa4 35. bxa4 c4 36. Kf1 Ke5 37. Ke1 h6 38. Nxd5 Kxd5 39. Nc3+ 1-0

[Event "GER-chT U12"]
[Site "Verden"]
[Date "2000.12.30"]
[Round "3.3"]
[White "Vollmer, Juergen"]
[Black "Niethammer, Matthias"]
[Result "1/2-1/2"]
[WhiteElo "792"]
[BlackElo "954"]
[PlyCount "121"]
[EventDate "2000.12.26"]
[EventType "team"]
[EventRounds "7"]
[EventCountry "GER"]
[SourceTitle "EXT 2008"]
[Source "ChessBase"]
[SourceDate "2007.11.25"]
[SourceVersion "1"]
[SourceVersionDate "2007.11.25"]
[SourceQuality "1"]
[WhiteTeam "Kuppenheim Rochade U12"]
[BlackTeam "Wolfbusch U12"]
[WhiteTeamCountry "GER"]
[BlackTeamCountry "GER"]

1. e4 e5 2. Nf3 Nc6 3. Bc4 Bc5 4. c3 d6 5. d4 exd4 6. cxd4 Bb4+ 7. Nc3 Nf6 8. a3 Ba5 9. b4 Bb6 10. Bg5 0-0 11. Nd5 Re8 12. Nxf6+ gxf6 13. Be3 Rxe4 14. 0-0 Bg4 15. h3 Bh5 16. Bd5 Re7 17. b5 Na5 18. Re1 c6 19. bxc6 bxc6 20. Ba2 d5 21. Rb1 Nb7 22. Rb2 Qd7 23. Kh2 Nd6 24. Bb1 Nb5 25. Qd3 Bg6 26. Qc3 Qd6+ 27. Kh1 Qxa3 28. Qxa3 Nxa3 29. Ba2 Nb5 30. Rc1 Re6 31. Bb3 Kf8 32. Bh6+ Ke7 33. Be3 Kd7 34. Ba4 a6 35. Bxb5 axb5 36. Bd2 Ra4 37. Rb4 Rxb4 38. Bxb4 Re4 39. Bc5 Bc7 40. Ra1 Bb8 41. Ra8 Kc7 42. Ra1 Re2 43. Kg1 Rb2 44. Re1 Rb1 45. Rxb1 Bxb1 46. Kf1 Kb7 47. Ke2 Ka6 48. Nd2 Bg6 49. Nb3 Ba7 50. Be7 f5 51. Kf3 Bb8 52. g4 fxg4+ 53. Kxg4 Kb6 54. h4 Kc7 55. h5 Bc2 56. Nd2 Kd7 57. Bc5 Bd6 58. Kg5 Bxc5 59. dxc5 Ke6 60. Nf3 Ke7 61. Nd4 1/2-1/2